Central Library OPAC University of Rajshahi

Introduction to bioinformatics and microarray technology/ (Record no. 59221)

MARC details
000 -LEADER
fixed length control field 00637nam a2200217 4500
001 - CONTROL NUMBER
control field 59221
003 - CONTROL NUMBER IDENTIFIER
rucl marc code BD-RjUL
005 - DATE AND TIME OF LATEST TRANSACTION
control field 20211209080715.0
008 - FIXED-LENGTH DATA ELEMENTS--GENERAL INFORMATION
fixed length control field 161222s2010 ii ||||| |||| 00| 0 eng d
020 ## - INTERNATIONAL STANDARD BOOK NUMBER
International Standard Book Number 9788123918785
035 ## - SYSTEM CONTROL NUMBER
System control number (BD-RjUL)59345
040 ## - CATALOGING SOURCE
Language of cataloging eng
Transcribing agency BD-RjUL
041 ## - LANGUAGE CODE
Language code of text/sound track or separate title eng
082 ## - DEWEY DECIMAL CLASSIFICATION NUMBER
Edition number 23
Classification number 574.028
Author mark and year ABI 2010
100 ## - MAIN ENTRY--PERSONAL NAME
Personal name M Abhilasha
9 (RLIN) 176148
245 01 - TITLE STATEMENT
Title Introduction to bioinformatics and microarray technology/
Statement of responsibility, etc. Abhilasha M
260 ## - PUBLICATION, DISTRIBUTION, ETC. (IMPRINT)
Place of publication, distribution, etc. New Delhi :
Name of publisher, distributor, etc. CBS Pub. & Distributors Pvt Ltd.,
Date of publication, distribution, etc. 2010.
300 ## - PHYSICAL DESCRIPTION
Pagination xviii, 203 pages :
Illustrations images ;
Size 25 cm.
650 ## - SUBJECT ADDED ENTRY--TOPICAL TERM
Topical term or geographic name as entry element Bioinformatics
9 (RLIN) 176149
942 ## - ADDED ENTRY ELEMENTS (KOHA)
Source of classification or shelving scheme Dewey Decimal Classification
Koha item type Books
Holdings
Lost status Source of classification or shelving scheme Damaged status Not for loan Permanent Location Current Location Shelving location Date acquired Source of acquisition Cost, normal purchase price Total Checkouts Full call number Date last seen Copy number Koha item type
  Dewey Decimal Classification   Not For Loan Institute of Biological Sciences (IBSc) Library Institute of Biological Sciences (IBSc) Library Institute Library 01/12/2016 Paragon 495.00   574.028 ABI 2010 22/12/2016 C-1 Books